000 01179nam2a22002531 4500
001 rc\546504
005 20250621170041.0
035 _a(NLR Aleph) 005818629
090 _a5455915
_c5455915
100 _a20030616d1987 |||y0rusy50 ca
101 0 _arus
102 _aRU
105 _aa |||||||||
200 1 _aЭпоха феодализма
210 _d1987
_aБ. м.
215 _a271, [1] с.
_cил.
320 _aБиблиогр. в конце текстов
320 _aБиблиогр. в конце разделов
461 0 _1001rc\546503
_12001#$aХрестоматия по истории южных и западных славян$e[Учеб. пособие для ист. спец. вузов]$eВ 3 т.$fОтв. ред. М.М. Фрейденберг$vТ. 1
_95455908
_cМинск
_d1987-
_fОтв. ред. М.М. Фрейденберг
_nУниверситетское
_o[Учеб. пособие для ист. спец. вузов] : В 3 т.
_tХрестоматия по истории южных и западных славян
_vТ. 1
801 0 _aRU
_bNLR
_gpsbo
801 1 _aRU
_bELAR
_2rusmarc
852 _aNLR
_j87-5/4803
942 _cBOOK
980 _aNB